| 000 | 00954nam a2200229Ia 4500 | ||
|---|---|---|---|
| 001 | 294.6-CAN re (14683) | ||
| 003 | IT-MiSPE | ||
| 008 | 171229s9999||||xx |||||||||||||| ||und|| | ||
| 040 |
_aIT-MiSPE _cIT-MiSPE |
||
| 041 | _aITALIANO | ||
| 100 | _aStefano Piano | ||
| 245 | 0 | _aCanti religiosi dei Sikh | |
| 250 | _a1a ed. (v) | ||
| 260 |
_aMilano _bRusconi _c1985 |
||
| 300 |
_a279 p. _c22 cm |
||
| 490 | _aTesti di spiritualità | ||
| 500 | _aSikh | ||
| 501 | _aEdizioni San Paolo srl - Piazza Soncino, 5 - 20092 CINISELLO BALSAMO (MI) (non commercial uses only) ® Copyright 2018 | ||
| 942 | _cBK | ||
| 957 | _71 | ||
| 999 |
_a1084 _bNO _g Copie: 1 _c350148 _d350148 |
||